Представление документа в формате RUSMARC

ПолеНазваниеЗначение
  Тип записи a
  Библиографический уровень m
001 Контрольный номер 79c87fdc97624ebb9db95513a60fe352
005 Дата корректировки 20260611100906.0
010 Индекс ISBN __
a ISBN 978-5-00250-489-3
100 Данные общей обработки __
a Данные общей обработки 20260610d2025 am y0rusy028902 ca
101 Язык документа 1_
a Язык текста rus
c Язык оригинала fre
102 Страна публикации __
a Страна публикации RU
105 Кодированные данные (монография) __
a Кодированные данные (монография) y z 000ay
181 Поле кодированных данных: вид содержания _0
a Код вида содержания (ISBD) i
182 Поле кодированных данных: тип средства _0
a Код типа средства (ISBD) n
200 Заглавие и сведения об ответственности 1_
a Заглавие Консуэло
e Сведения, относящиеся к заглавию [роман]
e Сведения, относящиеся к заглавию в 2 т.
f Первые сведения об ответственности Жорж Санд
g Последующие сведения об ответственности перевод с французского Александры Бекетовой
203 Вид содержания и тип средства __
a Вид содержания Текст
c Тип средства непосредственный
210 Выходные данные 1_
a Место издания Москва
c Издательство МИФ
d Дата издания 2025
225 Серия 2_
a Серия Вечные истории
330 Аннотация __
a Аннотация Роман "Консуэло", опубликованный в 1841 году, сразу увлек читателей по всему миру. Не только из-за того, что в нем смешались приключения, мистика и невероятная история любви, но и потому, что прототипом главной героини была знаменитая оперная певица Полина Виардо. Консуэло мечтала построить семью с возлюбленным, а свободное время посвятить искусству. Но ее внезапный успех на театральном поприще раскрыл темные стороны самого дорогого ей человека. Консуэло оказывается втянута в целый вихрь загадочных событий, даже не подозревая, что вскоре ей придется проявить все свою решимость.
333 Примечание о целевом назначении __
a Примечание о целевом назначении 16+. Для детей старше 16 лет
606 Тематические рубрики __
2 Код системы nlr_sh
a Основная рубрика Художественная литература
606 Тематические рубрики __
2 Код системы nlr_sh
a Основная рубрика Литература Европы (произведения)
y Географическая подрубрика Франция
610 Ключевые слова 0_
a Ключевые слова зарубежная литература
610 Ключевые слова 0_
a Ключевые слова французская литература
610 Ключевые слова 0_
a Ключевые слова французские романы
610 Ключевые слова 0_
a Ключевые слова французская классика
610 Ключевые слова 0_
a Ключевые слова зарубежная классика
610 Ключевые слова 0_
a Ключевые слова женская проза
610 Ключевые слова 0_
a Ключевые слова женские романы
610 Ключевые слова 0_
a Ключевые слова романы
610 Ключевые слова 0_
a Ключевые слова иностранная литература
610 Ключевые слова 0_
a Ключевые слова тема искусства
610 Ключевые слова 0_
a Ключевые слова тема театра
610 Ключевые слова 0_
a Ключевые слова тема любви
610 Ключевые слова 0_
a Ключевые слова любовные романы
610 Ключевые слова 0_
a Ключевые слова любовные приключения
610 Ключевые слова 0_
a Ключевые слова приключенческие романы
610 Ключевые слова 0_
a Ключевые слова Консуэло
686 Индексы других классификаций __
2 Код системы rubbks
a Классификационный индекс 84(4Фра)52-4; ст84(4Фра)-4
700 Автор _1
a Фамилия Санд
b Имя Ж.
c Титул (звания) Дюпен, Аврора
f Даты 1804-1876
g Полное личное имя Жорж
4 Код отношения 070
702 Вторичная интеллектуальная ответственность _1
a Фамилия Бекетова
b Имя А. А.
f Даты 1860-1923
g Полное личное имя Александра Андреевна
4 Код отношения 730
801 Источник записи _0
a Страна RU
b Организация Муниципальное бюджетное учреждение культуры "Централизованная библиотечная система" г. Сургут (Центральная городская библиотека им. А. С. Пушкина)
c Дата составления 20260610
g Правила каталогизации PSBO
801 Источник записи _1
a Страна RU
b Организация Муниципальное бюджетное учреждение культуры "Централизованная библиотечная система" г. Сургут (Центральная городская библиотека им. А. С. Пушкина)
c Дата составления 20260610
g Правила каталогизации PSBO
852 Данные о местонахождении __
i Авторский знак С 18
j Шифр хранения 84(4Фра)52-4; ст84(4Фра)-4
901 Тип документа __
a Ответственный ООФиК/Губина
t Тип документа v
901 Тип документа __
a Ответственный без партии
903 Характеристики (МАРС) __
a Дата передачи 20260610
c Наименование библиотеки (МАРС) Муниципальное бюджетное учреждение культуры "Централизованная библиотечная система" г. Сургут (Центральная городская библиотека им. А. С. Пушкина)